A kauzális történelmi gondolkodás fejlesztése és értékelése
Elmentve itt :
| Szerző: | |
|---|---|
| Dokumentumtípus: | Könyv része |
| Megjelent: |
2021
|
| Sorozat: | Modern történelemoktatás
A történelmi gondolkodás fejlesztése : válogatott tanulmányok |
| Kulcsszavak: | Neveléstudomány, Történelem tanítása - módszer |
| Tárgyszavak: | |
| Online Access: | http://acta.bibl.u-szeged.hu/73330 |
| LEADER | 00882naa a2200229 i 4500 | ||
|---|---|---|---|
| 001 | acta73330 | ||
| 005 | 20231109095605.0 | ||
| 008 | 210922s2021 hu o 0|| hun d | ||
| 020 | |a 978-615-6060-42-6 | ||
| 022 | |a 2786-1260 | ||
| 040 | |a SZTE Egyetemi Kiadványok Repozitórium |b hun | ||
| 041 | |a hun | ||
| 100 | 1 | |a Kojanitz László | |
| 245 | 1 | 2 | |a A kauzális történelmi gondolkodás fejlesztése és értékelése |h [elektronikus dokumentum] / |c Kojanitz László |
| 260 | |c 2021 | ||
| 300 | |a 111-126 | ||
| 490 | 0 | |a Modern történelemoktatás | |
| 490 | 0 | |a A történelmi gondolkodás fejlesztése : válogatott tanulmányok | |
| 650 | 4 | |a Társadalomtudományok | |
| 650 | 4 | |a Oktatástudomány | |
| 695 | |a Neveléstudomány, Történelem tanítása - módszer | ||
| 856 | 4 | 0 | |u http://acta.bibl.u-szeged.hu/73330/1/2021_tortenelmi_gondolkodas_fejlesztese_111-126.pdf |z Dokumentum-elérés |